Cedar Point Coasters By Picture - Statistics

General Stats
  • This quiz has been taken 147 times
  • The average score is 13 of 16
Answer Stats
Picture Answer % Correct
Top Thrill Dragster
95%
Blue Streak
94%
Corkscrew
94%
Millennium Force
93%
Gemini
92%
Maverick
92%
Gatekeeper
90%
Magnum
89%
Iron Dragon
87%
Steel Vengeance
87%
Raptor
86%
Rougarou
80%
Valravn
76%
Woodstock Express
63%
Mine Ride
52%
Wilderness Run
47%
No matching quizzes found
Score Distribution
Percent of People with Each Score
Percentile by Number Answered
Your Score History
You have not taken this quiz